=LDR 00000nam 2200000 4500 =001 000881 =005 20250712113534 =035 ##$$a 0010-0725000759 =007 ta =008 250712################a##########0#ind## =020 ##$$a 978-602-1101-58-2 =082 ##$$a 398.209 598 =084 ##$$a 398.209 598 APR g =100 #$$a Apriansyah, Dedy =245 1#$$a Garam Gunung /$c Dedy Apriansyah =260 ##$$a Bandung :$b Yayasan Litara,$c 2021 =300 ##$$a 20 hlm. : $b ilus. ; $c 29,7 cm =650 #4$$a Lieterasi-Bahan Bacaan =856 ##$$a TBM As Suhada =990 ##$$a TBM202400688